000 00381nam a2200133Ia 4500
005 20260326100045.0
008 260326s9999||||xx |||||||||||||| ||und||
100 _aBonet Correa, Antonio
245 0 _aLa Arquitectura de la era Porfiriana /
_cAntonio Bonet Correa
260 _bInstituto Nacional de Bellas Artes
300 _a100 p.
650 _aARQUITECTURA REGIONAL
942 _cBK
999 _c7142
_d7142